| 000 | 01184nam a22002537a 4500 | ||
|---|---|---|---|
| 003 | GBCCL | ||
| 005 | 20251127143410.0 | ||
| 008 | 230809b ||||| |||| 00| 0 eng d | ||
| 020 | _a9780785224648, | ||
| 020 | _a0785224645 | ||
| 040 | _cGBC | ||
| 082 |
_a220.5208 _bNET |
||
| 245 |
_a NET Bible : _bfull notes edition |
||
| 250 | _aNew English translation | ||
| 260 |
_a[Place of publication not identified], _bThomas Nelson, _c2019 |
||
| 300 |
_axii, 2434 pages : _bcolor maps ; _c24 cm |
||
| 505 | _aThe New English Translation is the newest complete translation of the Bible into English. Clear, readable, elegant and accurate, the NET was produce by a team of the world's leading biblical scholars working from the best available manuscripts. The unparalleled set of more that 60,000 translators' notes documents every major translation decision. You can trust the NET to give you the full picture. (Publishers' note from the book jacket.) | ||
| 505 | _aNew English Translation with over 60,000 translators notes | ||
| 650 |
_aBible _95 |
||
| 650 |
_aBible. _vEnglish. _912281 |
||
| 650 |
_aNET Bible Texts _917174 |
||
| 650 |
_aTexts _917175 |
||
| 942 |
_2ddc _cREF |
||
| 999 |
_c9871 _d9871 |
||